| 000 | 00561nam a2200217 454500 | ||
|---|---|---|---|
| 001 | 035276 | ||
| 003 | BD-ChCU | ||
| 008 | Eng | ||
| 020 | _a0231055323 | ||
| 040 |
_aDLC _cDLC _dBD-ChCU |
||
| 082 | 0 | 0 | _a181.9/F176h |
| 100 | 1 |
_aFakhry, Majid. _bx |
|
| 245 | 1 | 0 |
_aA history of Islamic Philosophy _bx |
| 250 | _a2 | ||
| 260 |
_aLondon: Longman ; New York _bColumbia University Press _c1983 |
||
| 300 | _axxiv, 394 | ||
| 504 | _aIncludes | ||
| 650 | 0 |
_aPhilosophy, Islamic - History _bPhilosophy, Islamic - History |
|
| 700 | 1 | _ax | |
| 942 |
_2ddc _cBK |
||
| 999 |
_c35276 _d35276 |
||